| 000 | 00871nam a22002417a 4500 | ||
|---|---|---|---|
| 999 |
_c5543 _d5543 |
||
| 003 | AR-CdUCM | ||
| 008 | 190312b ||||| |||| 00| 0 spa d | ||
| 040 |
_aMUNICIPALIDAD PROVINCIAL DEL CUSCO _cBIBLIOTECA MUNICIPAL DEL CUSCO |
||
| 082 |
_a985.009 / _bD63 |
||
| 245 |
_aAlejandro Deustua; Manuel V. Villaran / _cLuis Felipe Guerra M.; Jorge Avendaño Valdez |
||
| 260 |
_aLima : _bUniversitaria, _c1965. |
||
| 300 |
_a98 páginas ; _bfotografías; _c19 cm. |
||
| 440 |
_aBiblioteca hombres del Perú _n : XXIX _916608 |
||
| 500 | _aDonación de la familia Nieto. | ||
| 650 |
_aBiografías _9148 |
||
| 650 |
_aAlejandro Deustua _916609 |
||
| 650 |
_aManuel V. Villaran _916610 |
||
| 650 |
_aHombres del Perú - Biografías _92160 |
||
| 700 |
_a Guerra M., Luis Felipe _916611 |
||
| 700 |
_aAvendaño Valdez, Jorge _916612 |
||
| 942 |
_2ddc _cLIBROS |
||
| 945 | _alccs | ||